000 00430nam a2200193Ia 4500
001 13020
003 GE_BSU
008 181216s||||||||xx |||||||||||||| ||und||
040 _cGE_BSU
080 _a821.111-32.1
100 _aSeltzer,David.
245 4 _aThe Omen.
260 _aLondon.
260 _bFutura publications limited a futura book.
260 _c1976
300 _a192p;18cm.
653 _aThe Omen.
942 _cBK
999 _c46187
_d46187